000
00288nam a2200121Ia 4500
008
190216s9999||||xx |||||||||||||| ||und||
100
_a
Glenn H Brown
245
0
_a
Advances In Liquid Crystals
260
_b
Academic Foundation
_c
1975
300
_a
320p
650
_a
Chemistry
942
_c
BK
999
_c
2421
_d
2421